LEADER 01030ojm 2200253z- 450 001 9910155748303321 005 20230913112557.0 010 $a1-5124-4577-0 035 $a(CKB)3710000000976054 035 $a(BIP)058891831 035 $a(EXLCZ)993710000000976054 100 $a20231107c2017uuuu -u- - 101 0 $aeng 200 10$aBrody Borrows Money 210 $cLerner 215 $a1 online resource (24 p.) $cill 330 8 $aAudisee® eBooks with Audio combine professional narration and text highlighting to engage reluctant readers! Brody doesn't have enough money for a cool rock at the gift shop. He borrows some money from a friend, but he can't pay it back. Oops! Now Brody's dad has to help out. Sometimes Brody's dad borrows money too. He teaches Brody about when it's OK to borrow money and when it's not. 676 $a332.743 700 $aBullard$b Lisa$01435157 702 $aByrne$b Mike$4ill 906 $aAUDIO 912 $a9910155748303321 996 $aBrody Borrows Money$93593142 997 $aUNINA LEADER 01271nam 2200337z- 450 001 996540341103316 005 20231214141233.0 010 $a3-7489-1107-6 035 $a(CKB)5490000000111213 035 $a(oapen)https://directory.doabooks.org/handle/20.500.12854/71608 035 $a(EXLCZ)995490000000111213 100 $a20202108d2020 |y 0 101 0 $ager 135 $aurmn|---annan 181 $ctxt$2rdacontent 182 $cc$2rdamedia 183 $acr$2rdacarrier 200 10$aDie Vollzugsorganisation als Entscheidungsfaktor des Verwaltungshandelns$eEine empirische Untersuchung zum "vereinfachten Genehmigungsverfahren" nach dem BImSchG 210 $aBaden-Baden$cNomos Verlagsgesellschaft mbH & Co. KG$d2020 215 $a1 electronic resource (240 p.) 225 1 $aFundamenta Juridica$vBand 38 311 $a3-7890-6978-7 517 $aVollzugsorganisation als Entscheidungsfaktor des Verwaltungshandelns 606 $aLNKJ$2bicssc 610 $aÖffentliches Recht? Umwelt- und Energierecht Umweltrecht 615 7$aLNKJ 700 $aBreunung$b Leonie$4auth$01081723 906 $aBOOK 912 $a996540341103316 996 $aDie Vollzugsorganisation als Entscheidungsfaktor des Verwaltungshandelns$93026931 997 $aUNISA